| 000 | 00952cam a2200217 a 4500 | ||
|---|---|---|---|
| 020 | _a9781412810937 (pbk. ; alk. paper) | ||
| 020 | _a1412810930 (pbk. ; alk. paper) | ||
| 082 | 0 | 0 | _a303.66 |
| 245 | 0 | 0 |
_aShaping the culture of peace in a multilateral world / _ccompiled by the Goi Peace Foundation ; Patrick U. Petit, editor. |
| 260 |
_aNew Brunswick, NJ : _bTransaction Publishers, _c2011. |
||
| 300 |
_axiii, 207 p. ; _c23 cm. |
||
| 504 | _aIncludes bibliographical references. | ||
| 650 | 0 | _aPeace-building. | |
| 650 | 0 |
_aPeace. _92018 |
|
| 700 | 1 |
_aPetit, Patrick Uwe. _982010 |
|
| 942 |
_2ddc _cBK |
||
| 999 |
_c586343 _d586343 |
||